| 000 | 01555cam a22003977a 4500 | ||
|---|---|---|---|
| 003 | CHAP | ||
| 005 | 20241015134226.0 | ||
| 008 | 010615d2000 mx r 00110 spa d | ||
| 010 | _a84218 | ||
| 011 | _a85190 | ||
| 020 | _a9688429635 | ||
| 035 | _a95721 | ||
| 040 | _cCHAP | ||
| 082 | 0 | 4 |
_a637.1 _bV32 |
| 100 | 0 | 0 |
_aValle Rivera, María del Carmen del. _9117611 |
| 245 | 1 | 3 |
_aLa innovación tecnológica en el sistema lácteo mexicano y su entorno mundial _c/por María del Carmen del Valle Rivera |
| 260 |
_aMéxico, D.F. : _bUniversidad Nacional Autónoma de México. Instituto de Investigaciones Económicas, _c2000. |
||
| 300 | _a443 p. | ||
| 410 | 0 | 0 |
_aUNAM. _bInstituto de Investigaciones Económicas |
| 490 | 0 | _aColección Jesús Silva Herzog | |
| 590 |
_aBATCH-UPD _b10 _c20130110 _lUCH01 _h0429 |
||
| 590 |
_aBATCH-UPD _b10 _c20130410 _lUCH01 _h0104 |
||
| 590 |
_aBATCH-UPD _b10 _c20130914 _lUCH01 _h1005 |
||
| 590 |
_aCONVERSION _b10 _c20130109 _lUCH01 _h1347 |
||
| 650 | 0 | 4 |
_aIndustria lechera _xInnovaciones tecnológicas. _957843 |
| 650 | 0 | 7 |
_aIndustria lechera _zMéxico _2 _957847 |
| 650 | 0 | 4 |
_aIndustrias agrícolas _xInnovaciones tecnológicas. _957952 |
| 650 | 0 | 4 |
_aLeche _xProducción. _965400 |
| 650 | 0 | 4 |
_aProductos lácteos _xMercadeo. _992134 |
| 810 | 0 | 0 |
_aUNAM. _bInstituto de Investigaciones Económicas _9116094 |
| 830 | 0 | 0 |
_aColección Jesús Silva Herzog _924888 |
| 901 | _aBK | ||
| 905 | _aAlejandra Carrasco M. | ||
| 942 | _cLIBRO | ||
| 949 |
_a637.1 V32 _bBC _cLIBRO _d33724000834867 _eLIBRO _h100558 _i95721 _kc/e _si _t$ 159.25 |
||
| 999 |
_c84218 _d84218 |
||